Nauseous- Conan Gray (Lyrics) - Statistics

General Stats
  • This quiz has been taken 50 times
  • The average score is 245 of 266
Answer Stats
Part Lyrics % Correct
a
100%
Pre-Chorus I
100%
I'm
100%
me
100%
my
100%
My
100%
nauseous
100%
they
100%
They
100%
to
100%
To
100%
when
100%
Verse 1 You
100%
you
100%
Chorus Your
100%
And
96%
and
96%
be
96%
death
96%
feel
96%
hurt
96%
is
96%
love
96%
scare
96%
Scares
96%
so
96%
threat
96%
won't
96%
bad
93%
Because
93%
but
93%
But
93%
guys
93%
It
93%
it
93%
it's
93%
It's
93%
know
93%
maybe
93%
Bridge Maybe
93%
Not
93%
not
93%
Oh
93%
people
93%
safe
93%
surprised
93%
that
93%
that's
93%
trust
93%
want
93%
Verse 2 With
93%
with
93%
You're
93%
Behind
89%
By
89%
by
89%
could
89%
every
89%
fly
89%
how
89%
in
89%
I've
89%
jaw
89%
kind
89%
kiss
89%
loved
89%
now
89%
thing
89%
up
89%
why
89%
Yeah
89%
all
85%
bite
85%
come
85%
common
85%
dance
85%
depending
85%
down
85%
feels
85%
final
85%
flying
85%
for
85%
from
85%
goes
85%
hand
85%
haunted
85%
holding
85%
just
85%
learned
85%
left
85%
like
85%
loud
85%
loving
85%
of
85%
ones
85%
out
85%
seen
85%
sense
85%
someone
85%
there
85%
trusting
85%
wanna
85%
watched
85%
we're
85%
who've
85%
act
81%
around
81%
get
81%
got
81%
grizzly
81%
here
81%
mind
81%
really
81%
sees
81%
Pre-Chorus Too
81%
waiting
81%
well
81%
before
78%
Everyone
78%
more
78%
never
78%
them
78%
trap
78%
trying
78%
years
78%
through
74%
trusts
74%
vowed
74%
falling
70%
floor
70%
our
70%
as
67%
soared
48%
No matching quizzes found
Score Distribution
Percent of People with Each Score
Percentile by Number Answered
Your Score History
You have not taken this quiz